00359nam a2200109Ia 4500008004100000020000600041100003400047245002100081999001900102942002600121952010200147211105s9999 xx 000 0 und d a" aOberholster, Corney 9107839 0aIn die grysland  c588727d588726 y296zPhillipina Naude 00104070aERMELLbERMELLd2021-11-08g38.12l0oAF OBERp33228011498423r2021-11-08w2021-11-08